000 00839cam a2200229 i 4500
005 20260408201537.0
008 230208s2024 enka b 001 0 eng
020 _a9781032435787
_q(hardback)
020 _a9781032435770
_q(paperback)
020 _z9781003367994
_q(ebook)
040 _aKABLIB
_beng
_erda
_cKABLIB
082 0 0 _a338.1
_223
_bBAR
100 1 _aBarkley, Andrew P.,
_d1962-
_eauthor.
_99951
245 1 0 _aPrinciples of agricultural economics /
_cAndrew Barkley, Paul W. Barkley.
250 _a4th ed.
264 1 _aLondon ;
_aNew York :
_bRoutledge Taylor & Francis Group,
_cc2024.
300 _axxxii, 489 p. :
_bcol. ill. ;
_c25 cm.
504 _aIncludes bibliographical references, index.
650 0 _aAgriculture
_xEconomic aspects
_zUnited States.
_915777
700 1 _aBarkley, Paul W.,
_eauthor.
_99953
942 _2ddc
_cBOOK
999 _c6202
_d6202